| Tag |
First Indicator |
Second Indicator |
Subfields |
| LEADER |
00000cam a2200000 a 4500 |
| 001 |
in00000011198 |
| 005 |
20151007052016.0 |
| 008 |
860320s1985 is b b 00010 eng |
| 010 |
|
|
|a 86134387
|
| 020 |
|
|
|a 9652235563
|
| 035 |
|
|
|a (OCoLC)13090694
|
| 035 |
|
|
|9 AAA5872AM
|
| 040 |
|
|
|a DLC
|c DLC
|d m/c
|d TXA
|d UtOrBLW
|
| 041 |
1 |
|
|a eng
|a heb
|
| 049 |
|
|
|a TXAM
|c [A12644833]
|
| 050 |
0 |
0 |
|a BS1295.2
|b .K38 1985
|
| 100 |
1 |
|
|a Kaufmann, Yeḥezkel,
|d 1889-1963.
|
| 240 |
1 |
0 |
|a Sipur ha-Miḳraʼi ʻal kibush ha-arets.
|l English
|
| 245 |
1 |
4 |
|a The biblical account of the conquest of Canaan /
|c by Yehezkel Kaufmann ; [translated into English by M. Dagut] ; with a preface to the reissue by Moshe Greenberg.
|
| 250 |
|
|
|a 2nd ed.
|
| 264 |
|
1 |
|a Jerusalem :
|b Magnes Press, Hebrew University,
|c 1985.
|
| 300 |
|
|
|a 147 pages :
|b maps ;
|c 23 cm.
|
| 336 |
|
|
|a text
|b txt
|2 rdacontent
|
| 337 |
|
|
|a unmediated
|b n
|2 rdamedia
|
| 338 |
|
|
|a volume
|b nc
|2 rdacarrier
|
| 500 |
|
|
|a Translation of: ha-Sipur ha-Miḳraʼi ʻal kibush ha-arets.
|
| 504 |
|
|
|a Includes bibliographical references.
|
| 630 |
0 |
0 |
|a Bible.
|p Joshua
|x Criticism, interpretation, etc.
|
| 999 |
|
|
|a MARS
|
| 999 |
f |
f |
|s 345a4a8f-cbe7-3c7f-b656-82f5fe240eb3
|i b9c475e3-04e4-36ab-8e09-7ddf36a4e716
|t 0
|
| 952 |
f |
f |
|p ric
|a Texas A&M University
|b Rellis Campus
|c Joint Library Facility
|d Remote Storage
|t 0
|e BS1295.2 .K38 1985
|h Library of Congress classification
|i unmediated -- volume
|m A14812644833
|
| 998 |
f |
f |
|a BS1295.2 .K38 1985
|t 0
|l Remote Storage
|